| Tag |
First Indicator |
Second Indicator |
Subfields |
| LEADER |
00000cam a2200000 a 4500 |
| 001 |
in00000511019 |
| 005 |
20240417111648.0 |
| 008 |
880825s1983 enk b 001 0 eng |
| 010 |
|
|
|a 83167563
|
| 015 |
|
|
|a GB8209613
|2 bnb
|
| 015 |
|
|
|a B8209613
|
| 016 |
7 |
|
|a 007763380
|2 Uk
|
| 019 |
|
|
|a 9609131
|a 12461614
|a 1167075587
|
| 020 |
|
|
|a 0714631272
|
| 020 |
|
|
|a 9780714631271
|
| 029 |
1 |
|
|a AU@
|b 000002222468
|
| 029 |
1 |
|
|a AU@
|b 000057693662
|
| 029 |
1 |
|
|a DEBSZ
|b 02844096X
|
| 029 |
1 |
|
|a GBVCP
|b 014359545
|
| 029 |
1 |
|
|a HEBIS
|b 06098628X
|
| 029 |
1 |
|
|a NZ1
|b 158901
|
| 029 |
1 |
|
|a NZ1
|b 2582343
|
| 029 |
1 |
|
|a UKMGB
|b 007763380
|
| 029 |
1 |
|
|a AU@
|b 000072419093
|
| 029 |
1 |
|
|a AU@
|b 000074749580
|
| 035 |
|
|
|a (OCoLC)ocm18497149
|
| 035 |
|
|
|a (OCoLC)18497149
|z (OCoLC)9609131
|z (OCoLC)12461614
|z (OCoLC)1167075587
|
| 035 |
|
|
|a (OCoLC)ocm18497149
|
| 040 |
|
|
|a DLC
|b eng
|c DLC
|d UKM
|d JNA
|d TJC
|d BAKER
|d NLGGC
|d BTCTA
|d YDXCP
|d OCLCG
|d AU@
|d BDX
|d GBVCP
|d OCLCO
|d OCLCF
|d OCLCQ
|d OCL
|d OCLCO
|d OCL
|d OCLCQ
|d UEJ
|d OCLCA
|d URS
|d UWO
|d UKUOY
|d OCLCQ
|d GDC
|d UWK
|d OCLCQ
|d VRC
|d LUN
|d IL4J6
|d OCLCO
|d UKMGB
|d OCLCL
|d OCLCQ
|
| 043 |
|
|
|a e-uk---
|a a-tu---
|
| 050 |
0 |
0 |
|a DA47.9.T8
|
| 082 |
0 |
4 |
|a 327.41056
|2 19
|
| 083 |
0 |
|
|a Great Britain. Foreign relations with Ottoman Empire. Policies of government, 1908-1914
|
| 084 |
|
|
|a 15.70
|2 bcl
|
| 084 |
|
|
|a 3,6
|2 ssgn
|
| 100 |
1 |
|
|a Heller, Joseph,
|d 1937-
|1 https://id.oclc.org/worldcat/entity/E39PBJfrMpvM7gCpGMmyWMV9jC
|
| 245 |
1 |
0 |
|a British policy towards the Ottoman Empire, 1908-1914 /
|c Joseph Heller.
|
| 260 |
|
|
|a London, England ;
|a Totowa, N.J. :
|b F. Cass,
|c 1983.
|
| 300 |
|
|
|a xi, 228 pages ;
|c 23 cm
|
| 336 |
|
|
|a text
|b txt
|2 rdacontent
|
| 337 |
|
|
|a unmediated
|b n
|2 rdamedia
|
| 338 |
|
|
|a volume
|b nc
|2 rdacarrier
|
| 504 |
|
|
|a Includes bibliographical references (pages 164-169) and index.
|
| 505 |
0 |
|
|a Hopes, promises and doubts: The embassy, the foreign office and the 'constitutional movement' -- Between crisis and counter-revolution (October 1908 -- April 1909) -- From criticism to opposition: British policy and interests from the counter-revolution to the Tripoli War (April 1909 -- September 1911) -- On the eve of catastrophe: Britain, the Tripoli War and the formulation of the Balkan League (September 1911 -- October 1912) -- Catastrophe and change: British policy during the Balkan Wars (October 1912 -- October 1913) -- Mallet at Constantinople: The first phase (October 1913 -- July 1914) -- The last phase: The outbreak of war.
|
| 540 |
|
|
|a Current Copyright Fee: GBP28.00
|c 0.
|5 Uk
|
| 651 |
|
0 |
|a Great Britain
|x Foreign relations
|z Turkey.
|
| 651 |
|
0 |
|a Great Britain
|x Foreign relations
|y 1901-1936.
|
| 651 |
|
0 |
|a Turkey
|x Foreign relations
|z Great Britain.
|
| 651 |
|
0 |
|a Turkey
|x History
|y Ottoman Empire, 1288-1918.
|
| 651 |
|
6 |
|a Grande-Bretagne
|x Relations extérieures
|y 1901-1936.
|
| 651 |
|
6 |
|a Empire ottoman
|x Histoire.
|
| 650 |
|
7 |
|a Diplomatic relations.
|2 fast
|0 (OCoLC)fst01907412
|
| 651 |
|
7 |
|a Great Britain.
|2 fast
|0 (OCoLC)fst01204623
|1 https://id.oclc.org/worldcat/entity/E39PBJdmp7p3cx8hpmJ8HvmTpP
|
| 651 |
|
7 |
|a Turkey.
|2 fast
|0 (OCoLC)fst01208963
|1 https://id.oclc.org/worldcat/entity/E39PBJxmHG9jJjCTM3y4pFRqcP
|
| 650 |
1 |
7 |
|a Buitenlandse betrekkingen.
|2 gtt
|
| 650 |
1 |
7 |
|a Buitenlandse politiek.
|2 gtt
|
| 651 |
|
7 |
|a Great Britain
|x Foreign relations
|z Turkey.
|2 nli
|
| 651 |
|
7 |
|a Turkey
|x Foreign relations
|z Great Britain.
|2 nli
|
| 648 |
|
7 |
|a 1288-1936
|2 fast
|
| 653 |
|
|
|a Great Britain
|a Foreign relations with Ottoman Empire
|a Policies of government, 1908-1914
|
| 653 |
|
|
|a Ottoman Empire
|a Foreign relations with Great Britain
|a Policies of British government, 1908-1914
|
| 655 |
|
7 |
|a History.
|2 fast
|0 (OCoLC)fst01411628
|
| 938 |
|
|
|a Baker & Taylor
|b BKTY
|c 180.00
|d 180.00
|i 0714631272
|n 0000270239
|s active
|
| 938 |
|
|
|a Brodart
|b BROD
|n 36280348
|c $114.95
|
| 938 |
|
|
|a Baker and Taylor
|b BTCP
|n 83167563
|
| 938 |
|
|
|a YBP Library Services
|b YANK
|n 592974
|
| 948 |
|
|
|h HELD BY TXA - 338 OTHER HOLDINGS
|
| 994 |
|
|
|a Z0
|b TXA
|
| 999 |
f |
f |
|s 3d5ebfdd-3bb8-32e2-8071-a96100bd9d22
|i a80623a3-ce8d-3bd3-b46d-dcd7d7f93ed2
|t 0
|
| 952 |
f |
f |
|p ric
|a Texas A&M University
|b Rellis Campus
|c Joint Library Facility
|d Remote Storage
|t 0
|e DA47.9.T8 H444 1983
|h Library of Congress classification
|i unmediated -- volume
|m A14807839253
|
| 998 |
f |
f |
|a DA47.9.T8 H444 1983
|t 0
|l Remote Storage
|